000 00604nam a2200205Ii 4500
001 8794
003 CO-ViMGA
008 241108s9999||||xx |||||||||||||| ||und||
040 _aCO-ViMGA
_bspa
_erda
_cCO-ViMGA
041 0 _aunk
082 0 4 _aC861.08-D944
100 1 _aCarlos Dupuy
_945420
245 1 0 _aRecuento de imagenes
264 1 _a[Lugar de publicación no identificado] : Instituto Caro y Cuervo, 1993
300 _avolumen
336 _atext
_btxt
_2rdacontent
337 _aunmediated
_bn
_2rdamedia
338 _avolume
_bnc
_2rdacarrier
940 _aidficha_siabuc: 8597. -- ficha_no_siabuc:8794
999 _c50620
_d50620